Effect of heat and U V radiation on natural ans synthetic rubbers in their raw state (Record no. 57879)

MARC details
000 -LEADER
fixed length control field 00476nam a2200145Ia 4500
100 ## - MAIN ENTRY--AUTHOR NAME
Personal name Abdel-Bary E M
245 #0 - TITLE STATEMENT
Title Effect of heat and U V radiation on natural ans synthetic rubbers in their raw state
260 ## - PUBLICATION, DISTRIBUTION, ETC. (IMPRINT)
Name of publisher Proceedings of the International Rubber Conference, Venice, 1979; p970-979
650 ## - SUBJECT ADDED ENTRY--TOPICAL TERM
Topical Term Natural rubber
650 ## - SUBJECT ADDED ENTRY--TOPICAL TERM
Topical Term Synthetic rubber
650 ## - SUBJECT ADDED ENTRY--TOPICAL TERM
Topical Term U V radiation
700 ## - ADDED ENTRY--PERSONAL NAME
Personal name Abdel-Razik E A
942 ## - ADDED ENTRY ELEMENTS (KOHA)
Koha item type Journals
Holdings
Withdrawn status Lost status Damaged status Not for loan Home library Current library Shelving location Date acquired Koha item type
      Journals RRII Library RRII Library Rubber chemistry 17/12/2021 Journals